The cost of living (Record no. 76784)
[ view plain ]
| 000 -LEADER | |
|---|---|
| fixed length control field | 00708cab a2200193 4500 |
| 001 - CONTROL NUMBER | |
| control field | ##L133065 |
| 008 - FIXED-LENGTH DATA ELEMENTS--GENERAL INFORMATION | |
| fixed length control field | 060406n2006 000 0 eng u |
| 035 ## - SYSTEM CONTROL NUMBER | |
| System control number | (Sirsi) u133065 |
| 041 0# - LANGUAGE CODE | |
| Language code of text/sound track or separate title | eng |
| 100 1# - MAIN ENTRY--PERSONAL NAME | |
| Personal name | Moore, Paul |
| 245 04 - TITLE STATEMENT | |
| Title | The cost of living |
| 260 ## - PUBLICATION, DISTRIBUTION, ETC. | |
| Date of publication, distribution, etc. | 2006 |
| 490 ## - SERIES STATEMENT | |
| Series statement | Property Week |
| Volume/sequential designation | 71(13) 31 March 2006, 54(1) |
| 520 ## - SUMMARY, ETC. | |
| Summary, etc. | Provides data on flat development costs including benchmark costs of high-quality flat schemes across the country and average elemental costs of high-quality London flats. Assesses the changes in the private residential flat development market. |
| 590 ## - LOCAL NOTE (RLIN) | |
| Local note | IKA110406 |
| 690 ## - LOCAL SUBJECT ADDED ENTRY--TOPICAL TERM (OCLC, RLIN) | |
| Topical term or geographic name as entry element | BUILT ENVIRONMENT-BUILDING COSTS |
| 700 1# - ADDED ENTRY--PERSONAL NAME | |
| Personal name | Farmer, Mark |
| 942 ## - ADDED ENTRY ELEMENTS (KOHA) | |
| Suppress in OPAC | 0 |
| Withdrawn status | Lost status | Source of classification or shelving scheme | Damaged status | Not for loan | Home library | Current library | Shelving location | Date acquired | Total Checkouts | Full call number | Barcode | Date last seen | Copy number | Price effective from | Koha item type |
|---|---|---|---|---|---|---|---|---|---|---|---|---|---|---|---|
| Dewey Decimal Classification | London | London | Journal article | 06/04/2006 | L133065 | 133065-1001 | 06/08/2019 | 1 | 06/08/2019 | Journal article |